000 005180000a22001810004500
003 MACL
005 20160316122200.0
008 160316b xxu||||| |||| 00| 0 eng d
040 _aMACL
_cMACL
041 _aHindi
082 _a920
100 _aअज्ञेय
_946455
245 _aस्‍मृति के गलियारों से
260 _bप्रभात प्रकाशन
_c2000
_aदिल्‍ली
350 _a90
650 _aAutobiography
_946456
942 _cHIN
_k920
_2ddc
999 _c29908
_d29908